| 000 | 00614nam a2200229Ia 4500 | ||
|---|---|---|---|
| 005 | 20240106103815.0 | ||
| 008 | 131103s9999 xx 000 0 und d | ||
| 020 |
_a8185274266 _cRs 110 |
||
| 040 | _aLoreto College | ||
| 041 | _aEnglish | ||
| 082 |
_a428 _bHAM |
||
| 100 | _aHamlin, Sonya | ||
| 245 |
_aHow to Talk so People Listen, _b _cSonya Hamlin |
||
| 250 | _aThe real key to job success | ||
| 260 |
_aNew Delhi _bUniversal Book Stall _c1998 |
||
| 300 | _axvi,265p | ||
| 504 | _aIncludes Index | ||
| 650 | _aEnglish Language | ||
| 651 | _aCommunicative English | ||
| 850 | _aLCLIB | ||
| 942 | _cBK | ||
| 999 |
_c19565 _d70044 |
||